000 01193nam a22002657a 4500
005 20101206113148.0
008 101206t xxu||||| |||| 00| 0 hin d
010 _aHIN-91218
020 _c200.00
_a81887300918
035 _aHN-63564
037 _bDBAD/PUB
040 _aDPL
_bHN
082 _a921
100 _924598
_aलीलाधर 'वियोगी'
245 _aचन्द्रशेखर आज़ादः
_cलीलाधर 'वियोगी'
_bचरित काव्य /
246 _aChandra Shekhar Azad
_bby Lila Dhar Viyogi
260 _aदिल्ली
_bराज पब्लिशिग हाऊस
_c2010
270 _a9/5123, पुराना सीलमपुर (पूर्व)
_bदिल्ली
_e110031
_k22503781 (011)
300 _a143पृ.
_c22सेमी (सजिल्द)
490 _aसशस्त्र क्रान्ति के महानायक
_926199
650 _91169
700 _924599
942 _2ddc
_cHN
_mलीलाध
_h921
999 _c49031
_d49031